000 005040000a22001930004500
003 LK-CoMWRAF
005 20230907141547.0
008 230817t1994 ||||| |||| 00| 0 eng d
020 _a9559572601
040 _aLK-CoMWRAF
_dLK-CoMWRAF
_eLK-CoMWRAF
041 _aeng
082 _a823
_bRAN
100 _aRanaweera, Eva
245 _aWhat will you do do do clara what will you do?
260 _aRagama :
_bEva Ranaweera,
_c1994
300 _a74p
650 _aEnglish Fiction-Sri Lankan
942 _cBK
999 _c2493
_d2493